| 000 | 00443cam a22001217a 4500 | ||
|---|---|---|---|
| 008 | 180718b1963 xxu||||| |||| 00| 0 eng d | ||
| 082 | _aA2x5 In7 | ||
| 245 |
_aDocumentary materials in Asian countries: report of a survey _cby Institute of Asian Economic Affairs, Tokyo |
||
| 260 |
_aTokyo _bInstitute of Asian Economic Affairs _c1963 |
||
| 300 | _a198p. | ||
| 650 | _aAsia - Bibliography - Sources | ||
| 700 | _aInstitute of Asian Economic Affairs | ||
| 999 |
_c479973 _d479973 |
||